| 000 | 00000nam##2200000za#4500 |
| 001 | 9.699287 |
| 003 | CaOODSP |
| 005 | 20210625000319 |
| 007 | cr ||||||||||| |
| 008 | 150407|1987||||xxc|||||o f|0| 0 eng|d |
| 040 | |aCaOODSP|beng |
| 043 | |an-cn--- |
| 086 | 1 |aA53-1705/1987E-PDF |
| 110 | 1 |aCanada.|bAgriculture Canada.|bResearch Branch. |
| 245 | 10|aGrowing and managing alfalfa in Canada / |h[electronic resource] |
| 260 | |bAgriculture Canada. |c1980, revised 1982, reprinted 1987. |
| 300 | |a52p.|btable, photographs |
| 500 | |aHistorical publication digitized by Agriculture and Agri-Food Canada. |
| 504 | |aBibliography. |
| 590 | |a14-11-Supp|b2014-05-21 |
| 690 | 07|aFarming|2gcpds |
| 690 | 07|aVegetable crops|2gcpds |
| 775 | 08|tCulture et régie de la luzerne au Canada / |w(CaOODSP)9.643263 |
| 856 | 40|ahttp://publications.gc.ca|qPDF|s4.9 MB|uhttps://publications.gc.ca/collections/collection_2014/aac-aafc/agrhist/A53-1705-1987-eng.pdf |
| 986 | |a1705/E |